Lil Tjay Songs Quiz - Statistics

General Stats
  • This quiz has been taken 252 times
  • The average score is 30 of 65
Answer Stats
Album Artist(s) Song % Correct
F.N Lil Tjay F.N
92%
True 2 Myself Lil Tjay F.N
92%
Destined 2 Win Lil Tjay, 6lack Calling My Phone
78%
Feature Polo G, Lil Tjay Pop Out
74%
F.N Lil Tjay Brothers
73%
True 2 Myself Lil Tjay Brothers
73%
Destined 2 Win Lil Tjay, Polo G, Fivio Foreign Headshot
68%
F.N Lil Tjay, Jay Critch Ruthless
67%
True 2 Myself Lil Tjay, Jay Critch Ruthless
67%
State Of Emergency Lil Tjay, Fivio Foreign, Pop Smoke Zoo York
67%
F.N Lil Tjay Leaked
64%
True 2 Myself Lil Tjay Leaked
64%
True 2 Myself Lil Tjay Sex Sounds
64%
Feature Pop Smoke, Lil Tjay Mood Swings
63%
Destined 2 Win Lil Tjay, Moneybagg Yo, Offset Run It Up
63%
True 2 Myself Lil Tjay Hold On
59%
Destined 2 Win Lil Tjay, Tyga, Saweetie Move
58%
True 2 Myself Lil Tjay One Take
55%
F.N Lil Tjay Goat
51%
True 2 Myself Lil Tjay Goat
51%
Destined 2 Win Lil Tjay, Toosii Love Hurts
51%
Feature Pop Smoke, Lil Tjay War
51%
True 2 Myself Lil Tjay, Lil Baby Decline
49%
Destined 2 Win Lil Tjay Move On
49%
F.N Lil Tjay Laneswitch
48%
True 2 Myself Lil Tjay Laneswitch
48%
State Of Emergency Lil Tjay Ice Cold
47%
Destined 2 Win Lil Tjay None Of Your Love
44%
True 2 Myself Lil Tjay, Rileyy Lanez Post To Be
43%
Destined 2 Win Lil Tjay Destined 2 Win
42%
Feature Lil Tecca, Lil Tjay All Star
41%
True 2 Myself Lil Tjay Mixed Emotions
41%
Destined 2 Win Lil Tjay Gang Gang
40%
Destined 2 Win Lil Tjay Losses
40%
State Of Emergency Lil Tjay, J.I My City
40%
State Of Emergency Lil Tjay, Sheff G, Sleepy Hallow Wet Em Up
40%
Destined 2 Win Lil Tjay What You Wanna Do
40%
Destined 2 Win Lil Tjay Born 2 Be Great
39%
Feature Polo G, Lil Tjay First Place
39%
Destined 2 Win Lil Tjay Hood Rich
39%
Feature Pop Smoke, Lil Tjay Mannequin
39%
True 2 Myself Lil Tjay No Escape
39%
True 2 Myself Lil Tjay Dream That I Had
38%
Destined 2 Win Lil Tjay Irregular Love
37%
Destined 2 Win Lil Tjay No Cap
37%
Destined 2 Win Lil Tjay Slow Down
37%
Destined 2 Win Lil Tjay Oh Well
36%
Destined 2 Win Lil Tjay Part Of The Plan
36%
State Of Emergency Lil Tjay, Fivio Foreign Shoot For The Stars
36%
True 2 Myself Lil Tjay Top Of My Game
36%
State Of Emergency Lil Tjay, Jay Critch City On My Back
35%
Feature J.I, Lil Tjay Hood Scars 2
35%
True 2 Myself Lil Tjay, Lil Durk Brothers Remix
34%
Destined 2 Win Lil Tjay Go Crazy
34%
True 2 Myself Lil Tjay, Lil Wayne Leaked Remix
34%
Destined 2 Win Lil Tjay Nuf Said
34%
Feature Rvssian, Lil Mosey, Lil Tjay Only The Team
34%
State Of Emergency Lil Tjay, Jay Gwuapo Gettin Lit
32%
Destined 2 Win Lil Tjay Life Changed
32%
No Comparison Lil Tjay, YNW Melly Ready For War
31%
Feature Calboy, Lil Tjay Barbarian
29%
No Comparison Lil Tjay Bad To The Bone
24%
No Comparison Lil Tjay Pa$to
24%
No Comparison Lil Tjay Never Outside
20%
No Comparison Lil Tjay New Years Resolution
20%
No matching quizzes found
Score Distribution
Percent of People with Each Score
Percentile by Number Answered
Your Score History
You have not taken this quiz